| 000 | 00423nam a2200145Ia 4500 | ||
|---|---|---|---|
| 008 | 220216s9999 xx 000 0 und d | ||
| 100 | _aGopalakrishnan J | ||
| 245 | 0 | _aInositols: A potential secondary metabolite in natural rubber latex | |
| 260 | _bXVIIth Swadeshi Science Congress, 6-8 November 2007, Kozhikode | ||
| 650 | _aInositols | ||
| 650 | _aNR latex | ||
| 700 | _aJacob J | ||
| 700 | _aThomas M | ||
| 942 | _cBS | ||
| 999 |
_c53098 _d53098 |
||